INFORME FINAL DEL EJERCICIO PROFESIONAL SUPERVISADO, REALIZADO EN LA ALDEA LAS PACAYAS DE SAN CRISTÓBAL VERAPAZ, DEPARTAMENTO DE ALTA VERAPAZ/ (Registro nro. 1905)

Detalles MARC
000 -LEADER
campo de control de longitud fija 03650nam a22003377a 4500
001 - NÚMERO DE CONTROL
campo de control TIGAL 0078
003 - IDENTIFICADOR DE NÚMERO DE CONTROL
campo de control gtcocun
005 - FECHA Y HORA DE LA ÚLTIMA TRANSACCIÓN
campo de control 20250917185330.0
006 - CÓDIGOS DE INFORMACIÓN DE LONGITUD FIJA--CARACTERÍSTICAS DEL MATERIAL ADICIONAL
campo de control de longitud fija a||||gr|||| 00| 0
007 - CAMPO FIJO DE DESCRIPCIÓN FÍSICA--INFORMACIÓN GENERAL
campo de control de longitud fija ta
008 - DATOS DE LONGITUD FIJA--INFORMACIÓN GENERAL
campo de control de longitud fija 250917b2023 gt ||||| m||| 00| 0 eng d
040 ## - FUENTE DE CATALOGACIÓN
Centro catalogador/agencia de origen gtcocun
Lengua de catalogación SPA
Centro/agencia transcriptor gtcocun
Normas de descripción RDA
041 ## - CÓDIGO DE IDIOMA
Código de lengua del texto/banda sonora o título independiente SPA TIGAL 0078
084 ## - OTRO NÚMERO DE CLASIFICACIÓN
Número de control del registro de autoridad o número normalizado TIGAL 0078
100 ## - ENTRADA PRINCIPAL--NOMBRE DE PERSONA
Nombre de persona Rodríguez González, Keily Rosangela
Término indicativo de función/relación Autor
245 ## - MENCIÓN DEL TÍTULO
Título INFORME FINAL DEL EJERCICIO PROFESIONAL SUPERVISADO, REALIZADO EN LA ALDEA LAS PACAYAS DE SAN CRISTÓBAL VERAPAZ, DEPARTAMENTO DE ALTA VERAPAZ/
Mención de responsabilidad, etc. Keily Rosangela Rodríguez González.
Medio Impreso
264 ## - PRODUCCIÓN, PUBLICACIÓN, DISTRIBUCIÓN, FABRICACIÓN Y COPYRIGHT
Producción, publicación, distribución, fabricación y copyright Cobán, Alta Verapaz:
Nombre del de productor, editor, distribuidor, fabricante Universidad de San Carlos de Guatemala, Centro Universitario del Norte, Carrera de Ingeniería en Gestión Ambiental Local
Fecha de producción, publicación, distribución, fabricación o copyright 2023
300 ## - DESCRIPCIÓN FÍSICA
Extensión 99 p.:
Otras características físicas Ilustraciones, gráficas.
Dimensiones 28 cm;
300 ## - DESCRIPCIÓN FÍSICA
Dimensiones PDF
336 ## - TIPO DE CONTENIDO
Fuente rdacontenido
Término de tipo de contenido Texto
Código de tipo de contenido txt
337 ## - TIPO DE MEDIO
Fuente rdamedio
Nombre/término del tipo de medio Computadora
Código del tipo de medio n
338 ## - TIPO DE SOPORTE
Fuente rdasoporte
Nombre/término del tipo de soporte Código en línea
Código del tipo de soporte cr
502 ## - NOTA DE TESIS
identificador de la tesis TIGAL 0078
502 ## - NOTA DE TESIS
Nota de tesis Tesis de grado
Tipo de título Carrera de Ingeniería en Gestión Ambiental Local,
Nombre de la institución que otorga el título Universidad de San Carlos de Guatemala, Centro Universitario del Norte, Carrera de Ingeniería en Gestión Ambiental Local
Año de obtención del título 2023
Identificador de la tesis TIGAL 0078
520 14 - RESUMEN, ETC.
Sumario, etc. La realización del Ejercicio Profesional Supervisado (EPS) de la carrera de<br/>Ingeniería en Gestión Ambiental Local del Centro Universitario del Norte, tuvo como sede<br/>la Oficina Municipal de Ambiente y Recursos Naturales y el trabajo comunitario en aldea<br/>las Pacayas del municipio de San Cristóbal Verapaz, del departamento de Alta Verapaz.<br/><br/>El presente informe final de ejercicio profesional supervisado desglosa diferentes<br/>fases; inicia con el diagnóstico comunitario, para conocer los problemas ambientales,<br/>seguidamente se elaboró el plan de trabajo el cual incluye los proyectos y guías ambientales<br/>para contrarrestar la problemática ambiental en la aldea las Pacayas y finaliza con la<br/>investigación enfocada a la evaluación de las especies vegetales como vetiver<br/>(Chrysopogon zizanioides), lirio acuático (Eichornia crassipes sp.), juncos (Juncus sp.) y<br/>un testigo, se lograron resultados positivos al evaluar la capacidad de estas plantas que<br/>actúan como zonas de transición entre medio terrestre y acuático.<br/><br/>La investigación aportó a la evaluación de la eficiencia en el uso de especies<br/>vegetales en el tratamiento de aguas residuales, para minimizar los agentes contaminantes<br/>sustancias tóxicas y materia orgánica a través de los jardines filtrantes de bajo costo, las<br/>plantas objeto fueron: lirio acuático (Eichornia crassipes sp.), vetiver (Chrysopogon<br/>zizanioides) y juncos (Juncus sp.) los resultados no muestran diferencia en ninguno de los<br/>tres tratamientos evaluados, los valores de entrada son similares a los de salida; por lo que<br/>se recomienda realizar comparaciones en diferentes tipos de suelo compostado, ampliar el<br/>tiempo de investigación a un año para un eficaz control y monitoreo mensual, que permita<br/>obtener datos estadísticos de mayor relevancia en relación a cada uno de los tratamientos<br/>de las plantas vegetales para investigaciones futuras.
650 14 - PUNTO DE ACCESO ADICIONAL DE MATERIA--TÉRMINO DE MATERIA
Fuente del encabezamiento o término LEMB
Término de materia o nombre geográfico como elemento de entrada San Cristóbal Verapaz, Alta Verapaz
Subdivisión general Ingeniería en Gestión Ambiental Local
-- Diagnóstico
-- Problemas ambientales
-- Plan de trabajo
-- Guías ambientales
-- Especies vegetales
700 ## - ENTRADA AGREGADA--NOMBRE PERSONAL
Nombre de persona Ing. Marcos Rafaél Flores Delgado
Término indicativo de función/relación Asesor
856 ## - LOCALIZACIÓN Y ACCESO ELECTRÓNICOS
Identificador Uniforme de Recurso <a href="https://drive.google.com/file/d/1bLPBaaN2e-NUA-pLaeCZmBooGpnjrnj9/view">https://drive.google.com/file/d/1bLPBaaN2e-NUA-pLaeCZmBooGpnjrnj9/view</a>
Texto de enlace PDF
Nota pública Un ejemplar en línea.
942 ## - ELEMENTOS DE ENTRADA SECUNDARIOS (KOHA)
Fuente de la clasificación o esquema de estantería Clasificación Decimal Dewey
Tipo de ítem Koha TESIS
Parte de la signatura que identifica el ejemplar (Parte del ítem) TIGAL 0078
Prefijo de la signatura Clasificación
Suprimir en OPAC No
-- TIGAL_0078_000000000000000
Existencias
Estatus retirado Estado de pérdida Fuente de la clasificación o esquema de estantería Estado de daño No para préstamo Colección Biblioteca de origen Biblioteca actual Ubicación en estantería Fecha de adquisición Número de inventario Total de préstamos Signatura topográfica completa Código de barras Visto por última vez Precio de reemplazo Tipo de ítem Koha
    Clasificación Decimal Dewey     tesis BIBLIOTECA- CUNOR -JOSÉ LUIS GONZALES ROSALES BIBLIOTECA- CUNOR -JOSÉ LUIS GONZALES ROSALES Colección tesis 17/09/2025 TIGAL 0078   TIGAL 0078 TIGAL 0078 17/09/2025 17/09/2025 TESIS